[Event "Dyfed Open"]
[Site "Fishguard"]
[Date "2020.02.16"]
[Round "4.13"]
[White "Jones, Martin C"]
[Black "Van Kemenade, Julie"]
[Result "1-0"]
[WhiteElo "1745"]
[BlackElo "1689"]
[Annotator "kemen"]
[PlyCount "86"]
[EventDate "2020.02.??"]
[EventType "swiss"]
[EventRounds "5"]
[EventCountry "WLS"]
[SourceVersionDate "2020.02.18"]

{[%evp 0,54,16,30,82,12,39,32,37,37,37,34,48,48,56,18,18,-5,-5,-19,-23,-90,-90,
-134,-11,-40,-5,-38,3,-45,15,-28,46,-22,38,-24,0,22,34,27,34,36,62,-6,30,-26,
32,12,123,92,92,92,92,92,122,128,225]} 1. d4 d6 2. c4 g6 3. Nf3 Bg7 4. Nc3 Nd7
5. g3 e5 6. Bg2 Ngf6 (6... Ne7) 7. Bg5 (7. O-O {main}) 7... h6 8. Bxf6 Qxf6 {
Stockfish11} (8... Bxf6 {1.5-0.5}) 9. Nd5 Qd8 10. e4 (10. O-O O-O {transposes
to 38 games}) 10... c6 11. Nc3 (11. Ne3 Qa5+ 12. Kf1 exd4 13. Nxd4 O-O $19 {
Stockfish11}) 11... Qe7 (11... exd4 12. Nxd4 Qb6 13. Nb3 Ne5 $19 {Stockfish11}
14. Qe2 (14. Qxd6 Nxc4 15. Qd3 Nxb2 {even worse}) 14... Be6) (11... Qc7) 12.
O-O (12. d5 O-O 13. O-O Nf6 $11 14. Nd2 Ne8 15. b4 f5 16. Qb3 Kh8 17. Rac1 f4)
12... O-O (12... exd4 13. Nxd4 Ne5 (13... h5 14. h4 Ne5) 14. Qa4 O-O 15. Rad1
Re8 $11 {Stockfish11}) 13. Rc1 {not clear that the R needs to be on this
closed file- b1 looks a better square} (13. d5 $11) 13... Rd8 (13... exd4 14.
Nxd4 h5 15. h3 a5 16. b3 Nc5 17. Qd2 Re8 $11 {Stockfish11}) 14. Re1 (14. d5 $11
) 14... Nf8 (14... exd4 $17 {Stockfish11}) 15. h3 (15. d5 $11) 15... g5 (15...
exd4) 16. a3 {rather slow} (16. d5 Ng6 17. Nd2 $14 {Stockfish11}) (16. b4 {
at once is positionally desirable, Stockfish11 at first goes for its standard}
exd4 17. Nxd4 Qf6 18. Nce2 Ng6 $11) 16... Ng6 17. b4 g4 (17... h5 $5) 18. hxg4
Bxg4 19. d5 Qf6 {this turns out to give Wh a useful tempo to unravel the K side
} (19... h5 20. Qd3 Bh6 (20... h4) 21. Rcd1 h4 22. a4 (22. c5 dxc5 $19) 22...
Kg7 (22... c5 23. bxc5 hxg3 24. fxg3 Qc7 25. cxd6 Qc5+ 26. Kf1 Rac8 27. Rb1
Qxc4 28. Qxc4 Rxc4 29. Nd1 b6 30. Nf2 Bc8 31. Bh3 Bxh3+ 32. Nxh3 Bf8 $11) 23.
Ra1 Rh8 $15 {Stockfish11}) 20. Qd3 h5 21. Nh2 Bd7 22. c5 (22. dxc6 bxc6 23. b5
h4 $11 {Stockfish11}) 22... Bh6 (22... dxc5 23. bxc5 Bf8 24. Qe3 (24. d6 b6 25.
Na4 h4 $15) 24... h4 25. Ne2 b6 $11 {Stockfish11}) 23. Rcd1 Be8 (23... dxc5 24.
bxc5 h4 $11 {Stockfish11}) 24. dxc6 bxc6 (24... dxc5 25. cxb7 Rab8 26. Nd5 $18)
25. cxd6 Bf8 26. Qe2 Bxd6 (26... Qg5 27. Nf3 Qf6 28. Rd3 Bxd6 29. Red1 Be7 $11
(29... Bc7 $11)) 27. Qxh5 $18 Bc7 (27... Bd7 {doesn't succeed in keeping the N
out} 28. Bh3 Bxh3 29. Qxh3 Be7 30. Ng4 Qg5 31. Nh6+ Kf8 32. Nf5 $18) 28. Ng4
Qg7 (28... Qh8 29. Qg5 Kf8 30. Na4 $18 {Stockfish11}) 29. Qg5 (29. Nh6+ Kf8 30.
Nf5 Qf6 31. Qh6+ Kg8 32. Bf3 Rxd1 33. Nxd1 Bd8 34. Kg2 Bd7 35. Rh1 (35. Nde3
Qh8) 35... Bxf5 36. exf5 Qxf5 37. Bxc6 Rc8 38. Ne3 Qg5 39. Qh7+ Kf8 40. Be4 $18
{Bl is only a pawn down, but the pieces are all on inferior squares}) 29... Nf8
(29... Ne7 30. Qxe7 Rxd1 31. Rxd1 Qxg4 32. Qxc7 $18) (29... Kf8 30. Na4 $18 (
30. Ne3 $18)) 30. Nf6+ Kh8 31. Qh4+ (31. Qh5+ {keeps on f7} Nh7 32. Nxe8 Rxe8
33. Rd7) 31... Nh7 32. Nxe8 (32. Rxd8 Rxd8 33. Nxh7 Qxh7 34. Qe7 Bb6 35. Rd1
Rxd1+ 36. Nxd1 Qg8 37. Qxe5+ $18 {Stockfish11}) 32... Rxe8 33. Rd7 Bb6 34. Red1
(34. Na4 Bd4 35. Nc5) 34... Bd4 {just brings the N to a better square} (34...
Re6 35. R1d6 Qf6 36. Rxe6 Qxh4 (36... Qxe6 37. Bh3 $18) 37. gxh4 fxe6 38. Na4
$16 {Stockfish11}) 35. Ne2 Bb2 (35... Bb6) 36. a4 (36. Rb1 Bd4 (36... Bxa3 37.
Rb3) 37. Nxd4 exd4 38. e5 Rxe5 39. b5 $18 {Stockfish11}) 36... Kg8 37. Rc7 (37.
Rb1) 37... Nf6 (37... Re6) 38. Rxc6 Rad8 39. Rxd8 Rxd8 40. Qxf6 Rd1+ 41. Kh2
Qg4 42. Bh3 (42. Bf3 Qg7 43. Rc8+ Kh7 44. Qh4+ Qh6 45. Rh8+ Kxh8 46. Qxh6+)
42... Qh5 (42... Rh1+ 43. Kxh1 Qxh3+ 44. Kg1 Qg4 45. Rd6 Qg7 46. Qd8+ Kh7 47.
Qh4+ Kg8 48. Rd8+ Qf8 49. Qg5+ Kh7 50. Rxf8) 43. Rc8+ Kh7 1-0

[Event "Dyfed Open"]
[Site "Fishguard"]
[Date "2020.02.16"]
[Round "4.14"]
[White "Probert, Malcolm"]
[Black "Greatorex, Roger"]
[Result "1/2-1/2"]
[WhiteElo "1565"]
[BlackElo "1735"]
[Annotator "kemen"]
[PlyCount "135"]
[EventDate "2020.02.??"]
[EventType "swiss"]
[EventRounds "5"]
[EventCountry "WLS"]
[SourceVersionDate "2020.02.18"]

1. Nf3 d5 2. g3 c5 3. Bg2 Nc6 4. O-O e5 5. c4 (5. d3 Nf6 6. Nbd2 (6. e4)) 5...
d4 6. d3 Be7 (6... Nf6 {main}) 7. e3 dxe3 (7... Nf6) 8. fxe3 (8. Bxe3 {also})
8... e4 {a longterm sacrifice- the doubled e pawn gets in the way of Wh's
pieces, & gives Bl the e5 blockading square for his} (8... Nf6 {13 games}) 9.
dxe4 Qxd1 10. Rxd1 Bf6 (10... Bg4 11. Nc3 Bxf3 12. Bxf3 Ne5 13. Be2 Nf6 14. b3
O-O 15. Bb2 {Bryndin-Karasev, St Petersburg White Nights op 2002,1-0}) 11. Nbd2
(11. Rd5 Nb4 12. e5 Nxd5 13. cxd5 Bd8 14. e4 $14 {Stockfish11}) 11... Nge7 12.
a3 (12. e5 Bxe5 13. Ne4 Bg4 14. Nxc5 $16 {Stockfish11}) 12... O-O $11 (12...
Ng6 $11) 13. Rb1 Rd8 14. b3 (14. Rf1) 14... Bg4 (14... Ng6) 15. Bb2 Bxf3 (15...
Bxb2 16. Rxb2 Ne5 $11) 16. Bxf3 Bxb2 17. Rxb2 Ne5 18. Be2 Nd3 (18... N7c6 $11)
19. Bxd3 (19. Rbb1 Ne5 20. b4 $14 {Stockfish11}) 19... Rxd3 20. Kf2 Rad8 21.
Ke2 Ng6 22. Rbb1 Ne5 23. Nf1 Rxd1 24. Rxd1 Rxd1 25. Kxd1 Kf8 26. Ke2 $11 {
the extra half pawn is a vulnerable one in the centre} Ke7 27. Nd2 Kf6 28. Nb1
Ng4 29. h3 Ne5 30. Nc3 h6 (30... a6) 31. Nd5+ (31. Nb5 Nc6 32. Nd6 b6 33. Ne8+
Kg6 34. Kd3 Ne5+ 35. Kc3 h5 $11 {Stockfish11}) 31... Kg5 32. Nf4 g6 33. Nd5 h5
34. Nf4 Nc6 (34... Kf6) 35. Nd3 Na5 (35... b6 36. b4 cxb4 37. axb4 Kf6 $11 {
Stockfish11}) 36. Nxc5 b6 37. Nd3 Nxb3 $11 38. Ne5 Kf6 39. Nc6 Nc5 (39... a6)
40. Kf3 (40. Nxa7 {Wh should happily swap the weakling for a sound extra pawn
on the Q side, though Stockfish11 reckons it's still a draw} Ke6 41. Nc8 Na4
42. Kd3 Ke5 43. Kc2) 40... a6 41. Nb4 (41. e5+ Kf5 42. e4+ Ke6 43. Ke3 Nd7 44.
Nd8+ Ke7 45. Nc6+ Ke6 $11 {Stockfish11}) 41... b5 $6 (41... Ke5 42. Nd5 Nd7 (
42... Nxe4 43. Nxb6 Ng5+ 44. Kg2 Kd6 45. h4 Ne6 46. Na4 Nc5 47. Nb2 Ke5 48. Kf3
$11) 43. Nb4 a5 44. Nd3+ Kf6 $11 {Stockfish11}) 42. cxb5 axb5 43. Nd5+ Ke5 44.
Nc3 $16 g5 45. g4 (45. Nxb5 Nxe4 46. a4 $18 {Ns have great trouble with Rs
pawns; with other pawns they can jump away either side when challenged}) 45...
h4 46. Nxb5 Nxe4 47. a4 $18 Nc5 48. a5 Na6 49. Nd4 (49. Nc3 Nc5 50. e4 Kd4 51.
Nb5+ Ke5 52. Ke3 f6 53. Nc7 Kd6 54. Nd5 Ke5 55. Nb4 Nxe4 56. a6 Nd6 57. Nc6+
Kd5 58. Ne7+ Kc5 (58... Ke5 59. a7 Nc4+ 60. Kd3 Nb6 61. Nf5 Kd5 62. Ne3+ Kc5 (
62... Ke5 63. Nc4+) 63. Ke4) 59. a7 Nc4+ 60. Ke4 Nb6 61. Kf5 $18 {Stockfish11})
49... Nb8 50. Nf5 Na6 51. Nh6 (51. e4 Nb4 52. Ke3) 51... f6 52. Nf5 Nc5 53. e4
Na6 (53... Nxe4 54. a6 Nd2+ 55. Ke3 Nc4+ 56. Kd3 Nb6 57. a7 Kd5 58. Ne7+ Ke6
59. Nc6 Kd6 60. Na5 Kd5 61. Nc4 Na8 62. Ne3+ Ke5 63. Kc4 Kf4 64. Nf5 Kf3 65.
Kc5 Kg2 66. Kc6 Kxh3 67. Kb7 (67. Nh6 Kg3 68. Kb7 h3 69. Kxa8 h2 70. Kb8 h1=Q
71. a8=Q Qxh6 $19) 67... Kxg4 68. Kxa8 h3 69. Nh6+ Kh5 70. Kb8 h2 71. a8=Q Kxh6
72. Qh1 $18 (72. Qf3 $18 {Stockfish11})) 54. Ke3 (54. Ne7) 54... Nc5 55. Nd4 (
55. Ne7) 55... Na6 56. Nb3 (56. Nf3+ {Stockfish11} Ke6 57. e5 $18 (57. Kd4 Kd6
58. e5+ fxe5+ 59. Nxe5 Nb4 60. Kc4 (60. Nf7+))) 56... Kd6 57. Kd4 Nb4 58. Kc4
Nc6 59. a6 Na7 60. Nd4 Ke5 61. Nb5 (61. Kc5 {quickest- Stockfish11} Nc8 62. Nf5
Kf4 63. Kc6 Na7+ 64. Kb6 Nc8+ 65. Kb7) 61... Nc8 62. Kd3 (62. Kc5 {as above}
Kf4 63. Nd6) 62... Kf4 63. Kd4 (63. Nd6 {Stockfish11 & Rudy} Na7 64. Ne8 Ke5
65. Kc4 $18) 63... Kg3 64. Ke3 Kxh3 65. Kf3 Kh2 66. Kf2 (66. Nd6 {still wins,
but trickier} Kg1 67. Nxc8 h3 68. a7 h2 69. a8=Q h1=Q+ 70. Ke3 Qh3+ 71. Kd4
Qxg4 72. Qa1+ Kh2 73. Nd6 {on further reflection, Stockfish goes only definite
plus for Wh}) 66... Kh3 67. Kf3 (67. Nd6 {now though does again win- though
the variations are difficult for humans to find} Nxd6 (67... Na7 68. Kf3 (68.
Ne8 Kxg4 69. Nxf6+ Kf4 70. Kg2 Ke5 71. Ng4+ Kxe4 $11) 68... Kh2 (68... Nc6 69.
Ne8 Ne5+ 70. Kf2 $1 Nd3+ (70... Nxg4+ 71. Ke2 Kg3 72. a7 h3 73. a8=Q h2 74. e5
$18) (70... Kxg4 71. Nxf6+ Kf4 72. a7 $18 {queens}) 71. Ke3 Kg3 72. a7 h3 73.
a8=Q h2 74. e5 $18 {simplest} (74. Qa1 Nf2 75. Qf1 h1=Q 76. Qxf2+ Kxg4 77.
Nxf6+ Kh3 78. Qf5+ Kh2 79. Qh7+ Kg2 80. Qxh1+ Kxh1 81. e5 $18)) 69. e5 $1 {
Stockfish11} fxe5 70. Ne4 h3 71. Kf2 Nc6 72. Nxg5 e4 73. Nxe4 Kh1 74. g5 {
the N has 2 pawns to contend with &} h2 75. Ng3#) 68. a7 Kxg4 69. a8=Q) 67...
Kh2 68. Kf2 1/2-1/2

[Event "Dyfed Open"]
[Site "Fishguard"]
[Date "2020.02.16"]
[Round "4.15"]
[White "Ley, Cyril"]
[Black "Knight, Colin B"]
[Result "0-1"]
[WhiteElo "1603"]
[BlackElo "1759"]
[Annotator "kemen"]
[PlyCount "58"]
[EventDate "2020.02.??"]
[EventType "swiss"]
[EventRounds "5"]
[EventCountry "WLS"]
[SourceVersionDate "2020.02.18"]

1. c4 Nf6 2. g3 g6 3. Bg2 Bg7 4. d3 O-O 5. Nc3 d6 6. Rb1 (6. e4) 6... c5 (6...
a5) 7. Nd5 $146 (7. a3 {main}) (7. Nf3) 7... Nc6 8. Nxf6+ Bxf6 9. Bh6 Qa5+ 10.
Kf1 Bg7 11. Bxg7 Kxg7 12. a3 Qc7 (12... Bd7 13. h4 h5 $11) 13. e3 (13. b4)
13... a5 14. h4 h5 15. Nh3 Bg4 (15... Rb8) 16. f3 Bf5 (16... Bxh3 17. Bxh3 e5
$15 {Stockfish11}) 17. g4 (17. Nf4) 17... Be6 (17... hxg4 18. fxg4 Bd7 $15) 18.
Nf4 (18. gxh5 {Stockfish11} gxh5 19. Nf4 Rh8 (19... Kh6 20. Qd2 $16) 20. Nxe6+
fxe6 21. Rg1 Kf7 22. f4 $16) 18... Rh8 (18... hxg4) 19. Rc1 hxg4 20. fxg4 Bd7 (
20... Qd7) 21. Nd5 (21. g5 $11) 21... Qd8 22. d4 e6 $19 23. Qf3 {the trouble
with this is that it's not a R on fi, but a K} (23. Nf4 Rxh4 24. Rxh4 Qxh4 25.
dxc5 e5 26. Nd5 Bxg4 $19 {Stockfish11}) 23... exd5 $19 (23... cxd4 $19) 24.
cxd5 Nxd4 (24... Na7 25. dxc5 Rxh4 $19 {Stockfish11}) 25. exd4 Rxh4 $19 (25...
cxd4 $19) 26. dxc5 Bxg4 {gives Wh a little bit of a breather} (26... dxc5 $19)
(26... Rxh1+ 27. Bxh1 dxc5 $19) 27. Qc3+ Kg8 28. cxd6 (28. Rxh4 Qxh4 29. c6
bxc6 30. dxc6 a4 $17 {but the c pawn could well save the game for Wh}) 28...
Rc8 $19 29. Qe1 (29. Qd2 $19) 29... Qf6+ (29... Qf6+ 30. Kg1 Qd4+ 31. Kf1 Qf4+
32. Kg1 Rxc1 33. Qxc1 Qxc1+ 34. Kf2 Qf4+ 35. Ke1 Qe3+ 36. Kf1 Be2+ 37. Ke1 Bc4+
38. Kd1 Bb3#) 0-1

[Event "Dyfed Open"]
[Site "Fishguard"]
[Date "2020.02.16"]
[Round "4.16"]
[White "Francis, Matthew"]
[Black "Williams, R Gareth"]
[Result "0-1"]
[WhiteElo "1642"]
[BlackElo "1642"]
[Annotator "kemen"]
[PlyCount "70"]
[EventDate "2020.02.??"]
[EventType "swiss"]
[EventRounds "5"]
[EventCountry "WLS"]
[SourceVersionDate "2020.02.18"]

{[%evp 0,70,80,31,17,14,72,57,82,63,63,43,53,26,26,33,57,27,42,49,35,41,-78,
-149,-36,-94,-78,-82,-84,-213,-211,-211,-186,-191,-195,-179,-198,-188,-177,
-183,-181,-214,-233,-222,-224,-236,-269,-254,-249,-261,-262,-262,-242,-267,
-265,-280,-261,-253,-293,-292,-242,-306,-296,-341,-349,-381,-398,-398,-405,
-396,-421,-458,-436]} 1. e4 d5 2. exd5 Qxd5 3. Nf3 (3. Nc3 {main}) 3... Bg4 (
3... Nf6 {main}) 4. Be2 Nc6 5. d4 O-O-O 6. c4 Qf5 7. Be3 e6 (7... Bxf3 {main}
8. Bxf3 Nxd4 9. Bxd4 (9. Bg4 Nc2+) 9... Qe6+ 10. Be2 Qe4 11. O-O Qxd4 12. Qa4
e6 13. Nc3 {55% for Wh- is some complex theoretical stuff}) 8. O-O Nf6 9. Nc3
Bd6 (9... Bc5 {when} 10. Qa4 {works a bit better for Wh than} (10. Qb3)) 10. c5
{has been played} (10. Nb5 {main, 3 wins each & a draw}) 10... Bxc5 (10... Be7
11. h3 Bxf3 12. Bxf3 Bxc5 13. Bxc6 bxc6 14. Qa4 {Soergel-Fischer;
Regionnalliga Bayern 2000,1-0}) 11. Qa4 {Wh might get some chances down the c
file for the missing pawn} Bd6 (11... Bb6 12. d5 exd5 13. Bxb6 cxb6 14. Rac1
Kb8 (14... Bxf3 15. Bxf3 Kb8 $19) 15. Nb5 a5 16. Rxc6 bxc6 17. Nbd4 Qc8 18.
Nxc6+ $11 {De Armas-Ribeiro, Capablanca mem, Matanzas, 1/2-1/2}) (11... Bxf3 $1
{Stockfish11 ends all Wh's hopes} 12. dxc5 (12. Bxf3 Nxd4 {is worse for Wh})
12... Bxe2 13. Nxe2 Nd5 $19) 12. Nb5 (12. h3 Bh5 (12... Bxf3 13. Bxf3 $16) 13.
a3 (13. Rfc1 Qa5 14. Qd1 e5 $15) (13. g4 $2 Bxg4 $19 14. hxg4 Qxg4+ 15. Kh1
Qh3+ 16. Kg1 Ng4) (13. d5 Bxf3 14. Bxf3 exd5 15. Rfd1 d4 (15... h5 16. Rac1 $11
) 16. Bxd4 Nxd4 17. Rxd4 a6 18. Rad1 $11 {Stockfish11}) 13... Kb8 (13... Qa5
14. Qc4 $11) 14. Rfc1 Nd5 15. Nxd5 Qxd5 16. b4 Ne7 17. b5 Nf5 $15 18. Bg5 Bxf3
(18... f6 19. Bc4 Qxf3 20. gxf3 fxg5 21. Bxe6 Nxd4 $11 {Stockfish11}) 19. Bxf3
Qxd4 20. Qxd4 Nxd4 21. Bxd8 Rxd8 $17 (21... Nxf3+ 22. gxf3 Rxd8 $17 {
Stockfish11})) 12... a6 13. Nxd6+ Rxd6 $17 14. b4 (14. Rac1) 14... Bxf3 15.
Bxf3 Nxd4 $19 16. Bxd4 Rxd4 17. Rac1 Qb5 {Bl's pieces are too centralized, so
wh just has a 2 pawn deficit} 18. Qc2 Qb6 19. a3 Rhd8 20. Rfe1 Rd2 21. Qc5 Qxc5
22. Rxc5 Ra2 23. Rc3 Rdd2 24. Rec1 c6 (24... Ne8 25. Rf1 Nd6 {Stockfish11}) 25.
Rf1 Nd5 (25... h5 26. h3 g5 {Stockfish11}) 26. Rb3 Kc7 (26... Nf4) (26... Kd7)
27. Be4 h6 28. Bb1 Rab2 29. Rf3 f6 (29... f5) 30. Rg3 g5 31. Rh3 f5 32. Rxh6 {
the R goes offside, but there is no saving the game} Nc3 33. Rxe6 Nxb1 34. Re3
f4 35. Re7+ Kb6 0-1

[Event "Dyfed Open"]
[Site "Fishguard"]
[Date "2020.02.16"]
[Round "5.1"]
[White "Young, Alan"]
[Black "Williams, A. Howard"]
[Result "1/2-1/2"]
[WhiteElo "2051"]
[BlackElo "2246"]
[Annotator "kemen"]
[PlyCount "33"]
[EventDate "2020.02.??"]
[EventType "swiss"]
[EventRounds "5"]
[EventCountry "WLS"]
[SourceVersionDate "2020.02.18"]

1. e4 e5 2. Nf3 Nc6 3. Bb5 a6 4. Ba4 d6 5. O-O (5. c3) 5... Bd7 6. d4 (6. c3)
6... exd4 (6... Nf6) 7. Nxd4 b5 8. Nxc6 (8. Bb3 Nxd4 9. Qxd4 c5 10. Qd5 c4 {
Noah's Ark, wins B}) 8... Bxc6 9. Bb3 Nf6 10. Nc3 (10. c4 {main, elite GMs})
10... Be7 11. Re1 O-O 12. a4 b4 $6 {the pawn gets weak} (12... Re8) 13. Nd5
Bxd5 (13... Nxd5 14. exd5 Bd7 {2 draws}) 14. exd5 Nd7 15. Be3 (15. a5 Nc5 16.
Ba4 Rb8 17. Bc6 Bf6 18. Qe2 Bd4 19. Rb1 Qf6 20. Rd1 h6 21. Qd2 Rfe8 (21... Bc3
$1 {Finkel}) 22. Bxe8 Rxe8 23. Qf4 {Leko-Mamedyarov, Corus Wijk aan Zee 2006,
1-0}) 15... Bf6 16. Bd4 Nc5 17. Bc4 $14 1/2-1/2

[Event "Dyfed Open"]
[Site "Fishguard"]
[Date "2020.02.16"]
[Round "5.2"]
[White "May, Frank"]
[Black "Zeidler, Sven P."]
[Result "1/2-1/2"]
[WhiteElo "2019"]
[BlackElo "2186"]
[Annotator "kemen"]
[PlyCount "138"]
[EventDate "2020.02.??"]
[EventType "swiss"]
[EventRounds "5"]
[EventCountry "WLS"]
[SourceVersionDate "2020.02.18"]

{[%evp 0,12,29,25,62,68,73,67,88,63,63,33,29,23,40]} 1. Nf3 f5 2. g3 Nf6 3. Bg2
g6 4. O-O Bg7 5. d3 (5. d4) 5... d6 6. c4 Nc6 7. Nc3 O-O 8. Rb1 a5 9. a3 e5 {
transposed to English vs King's Indian from initial Leningrad Dutch} (9... Nh5)
10. b4 axb4 11. axb4 h6 12. b5 Ne7 13. Nd2 (13. Bb2) (13. Qb3) (13. c5) 13...
f4 (13... g5 {main}) 14. Qb3 (14. Nd5 Nexd5 15. cxd5 g5 16. Qb3 b6 17. Bb2 {0-2
}) (14. Nde4 Nxe4 15. Nxe4 g5 16. Bb2 Nf5 {D Fletcher-Van Kemenade, Bradford
Central-Huddersfield 1983,0-1}) 14... Kh7 (14... Nf5 {Stockfish11}) 15. Bb2 Rb8
{Bl need not fear a R exchange on the a file, as this removes the other R from
the defence of f2.} (15... Nf5) 16. Nde4 Be6 (16... Ng4 $5) 17. Nxf6+ Rxf6 18.
Nd5 Nxd5 (18... Rf7) 19. cxd5 Bg4 20. Qd1 (20. f3 Bd7 21. d4 $11 {Stockfish11-
but it buries the Bg2}) 20... Qd7 (20... Rf7 $15) 21. Bc3 (21. b6) 21... Bh3 (
21... Rbf8 $5 {Rudy}) 22. b6 Bxg2 23. Kxg2 c6 (23... c5 $15 {Stockfish11}) 24.
Qa4 $11 Rf7 (24... Rc8 $11 {Stockfish11-prevents Wh getting a passed b pawn})
25. dxc6 Qxc6+ 26. Qxc6 bxc6 27. Rfc1 (27. gxf4 exf4 28. Rfc1 $14 {Stockfish11}
) 27... Rfb7 (27... fxg3 28. hxg3 Rfb7 $11 {Stockfish11}) 28. gxf4 $16 Rxb6 (
28... exf4 29. Bxg7 Kxg7 30. Rxc6 $18) 29. Rxb6 Rxb6 30. fxe5 Bxe5 31. Bxe5
dxe5 32. Rc5 e4 (32... Rb5 {is a better try, suggests Stockfish11} 33. Rxc6 Kg7
$16 {the pawns are all on the same side, but e5 is a weakness}) 33. dxe4 $18
Kg7 34. f4 Kf6 35. h4 Ke6 36. h5 {looks a little early} (36. Kf3) (36. f5+ {
looks possible as it undoubles a pawn} gxf5 37. exf5+ Kd6 38. Ra5 Rb3 39. h5 c5
40. Ra6+ Ke5 41. Rxh6 Kxf5 42. Rc6 {only move to win, Lomonosov tablebases})
36... Kd6 37. Ra5 g5 38. fxg5 hxg5 39. Rxg5 $18 Rb2 (39... Rb7) 40. Kf3 (40. h6
Rxe2+ (40... Rb8 41. Kf3 c5 42. Rd5+ Kc6 43. h7 Rh8 44. Rh5 Kd6 45. Ke3 $18)
41. Kg3 $18 {Lomonosov tablebases}) 40... Rb1 41. Rg6+ (41. Kg4 {supports the
most advanced pawn} Ke6 (41... Rh1 42. Kf5) 42. h6 Rh1 43. Rh5 {wins} (43. Rc5
{Stockfish11 even more forcing})) 41... Kd7 42. h6 c5 43. Rg5 (43. h7 $1 {
Stockfish11} Rh1 44. Ra6 Rf1+ 45. Kg4 Rf8 46. Kg5 c4 47. Kg6 (47. Rh6 Rh8 48.
Kg6 c3 49. Kg7 c2 50. Rh1 $18) 47... Re8 48. Ra7+ Kd6 49. Kg7 Ke5 50. h8=Q Rxh8
51. Kxh8 Kxe4 52. Kg7 Ke3 53. Re7+ Kd2 (53... Kd4 54. Kf6 c3 55. Rc7 $18) 54.
e4 $18) 43... Rh1 44. Rxc5 (44. Rg6 $18) 44... Rxh6 {dead drawn position,
Nalimov tablebases. The extra half pawn should make no real difference.} 45.
Ra5 Rh3+ 46. Kf4 Rh4+ 47. Ke3 Rh2 48. Ra6 Ke7 49. Ra2 Rh1 50. Kd4 Rd1+ (50...
Ke6 $5) 51. Ke5 {Stockfish11 thinks Wh is now winning, but the Nalimov
tablebases show otherwise} Re1 52. Ra7+ Kf8 (52... Ke8 $2 {would lose} 53. Ke6
Kf8 54. Ra2 Rb1 55. Ra8+ Kg7 56. e5 $18) (52... Kd8 {also holds}) 53. Kf6 Rf1+
54. Ke6 Rf2 {however this should also lose!} (54... Rf4 55. e5 Re4 {draws-
Nalimov tablebases}) 55. Ra2 (55. e3 {only move to win} Rb2 56. Ra8+ {drives
the K away} Kg7 57. e5 Rb6+ 58. Kd7 Rb7+ 59. Ke8 Rb6 60. Ra7+ Kg6 61. e4 Re6+
62. Re7 Ra6 63. Kf8 Rb6 64. Rg7+ Kh6 65. Rd7 Kg5 66. Kf7 {Nalimov tablebases})
55... Rh2 {still losing} (55... Rf4 {only move to draw- Nalimov}) 56. e5 $18
Rh6+ 57. Kf5 {the wrong way though from Wh} (57. Kd7 $18 {only way} Rh4 (57...
Rh7+ 58. Kd6 $1 {other moves draw} Rb7 59. Ra8+ Kg7 60. e6) 58. Ra8+ (58. e3) (
58. Ra3) (58. Ra6 {all 3 also work, driving the Bl K away}) 58... Kg7 59. e6
$18 {Nalimov}) 57... Rb6 58. Ra8+ Ke7 59. Ra7+ Ke8 60. e6 Rb1 (60... Rb4 {
is the only other move that also draws}) 61. Kf6 Rf1+ 62. Ke5 Rb1 {most moves
now draw} 63. e4 Rh1 64. e7 (64. Rf7 Rh5+ 65. Kf6 Rh6+ $11) 64... Rh5+ 65. Kf6
Rh6+ 66. Kg5 Rb6 67. Kf5 Rc6 68. e5 Rb6 69. e6 Rb5+ (69... Rxe6 70. Kxe6 {
looks niftier}) 1/2-1/2